| 000 | 00409nam a2200181Ia 4500 | ||
|---|---|---|---|
| 005 | 20250603145810.0 | ||
| 008 | 250603s9999 xx 000 0 und d | ||
| 020 | _a9780727757340 | ||
| 050 | _aTA 170 .H56/ | ||
| 100 | _aHinge, Gilbert | ||
| 245 | 0 | _aSustainable infrastructure | |
| 260 | _aLondon | ||
| 260 | _bICE Publishing | ||
| 260 | _c2018 | ||
| 300 | _a344 p | ||
| 650 | _aLondon | ||
| 942 | _cBK | ||
| 999 |
_c42892 _d42892 |
||